Catàleg del Col·legi de Periodistes de Catalunya

Fons Agustí Pons i Mir (Registre núm. 7301)

000 -CABECERA
Longitud fija campo de control 01321ctm a22002537a 4500
003 - IDENTIFICADOR DEL NÚMERO DE CONTROL
Identificador del número de control OSt
005 - FECHA Y HORA DE LA ÚLTIMA TRANSACCIÓN
Fecha y hora de la última transacción 20200622164927.0
008 - CÓDIGOS DE INFORMACIÓN DE LONGITUD FIJA
Códigos de información de longitud fija 200620q19562018spc|||| |||| 0|0 0dcat|d
040 ## - FUENTE DE LA CATALOGACIÓN
Lengua de catalogación cat
Centro transcriptor CDMR
100 1# - PUNTO DE ACCESO PRINCIPAL-NOMBRE DE PERSONA
Nombre de persona Pons, Agustí
Término indicativo de función creador
9 (RLIN) 2195
245 10 - MENCIÓN DE TÍTULO
Título Fons Agustí Pons i Mir
260 ## - PUBLICACIÓN, DISTRIBUCIÓN, ETC. (PIE DE IMPRENTA)
Fecha de publicación, distribución, etc. Entre 1956 i 2018
300 ## - DESCRIPCIÓN FÍSICA
Extensión 4,3 m (43 unitats d'instal·lació) de documentació textual, paper + biblioteca
300 ## - DESCRIPCIÓN FÍSICA
Extensión 1 unitat d'instal·lació que conté 332 imatges (242 positius color, 21 diapositives i 69 positiu b/n), 23 cds i 79 cassetes àudio
506 ## - NOTA DE RESTRICCIONES AL ACCESO
Condiciones para el acceso físico (R ) Accés lliure, amb excepció de la documentació que conté dades protegides per la legislació vigent
520 3# - NOTA DE SUMARIO
Sumario, etc, Correspondència, manuscrits, documents identificatius, certificats, documents de l'activitat acadèmica, esborranys i material de treball, documentació sobre la seva obra, biblioteca personal, publicacions periòdiques, material gràfic i retalls de premsa
524 ## - NOTA DE FORMA USUAL DE CITA
Nota de forma usual de cita de los mateiales descritos ( NR) Sant Cugat del Vallès, Arxiu Nacional de Catalunya, Fons Agustí Pons i Mir
600 10 - PUNTO DE ACCESO ADICIONAL DE MATERIA - NOMBRE DE PERSONA
Nombre de persona Pons, Agustí
Subdivisión de materia general (R ) Arxius
9 (RLIN) 2195
600 10 - PUNTO DE ACCESO ADICIONAL DE MATERIA - NOMBRE DE PERSONA
Nombre de persona Pons, Agustí
Subdivisión de materia general (R ) Biografia
9 (RLIN) 2195
650 #7 - PUNTO DE ACCESO ADICIONAL DE MATERIA - TÉRMINO DE MATERIA
Término de materia o nombre geográfico como elemento inicial Periodistes
Subdivisión geográfica Catalunya
Subdivisión de materia general Arxius
Fuente del encabezamiento o término lemac
9 (RLIN) 2400
655 #7 - TÉRMINO DE INDIZACIÓN - GÉNERO/FORMA
Datos o término principal de género/forma Manuscrits
Fuente del término lemac
942 ## - ENTRADA DE ELEMENTOS AGREGADOS (KOHA)
Koha [por defecto] tipo de item Referència i consulta general

No hi ha exemplars disponibles.

Implantat amb Koha